Taxmann's TDS : (Record no. 140671)

MARC details
000 -LEADER
fixed length control field 00732nam a22001817a 4500
005 - DATE AND TIME OF LATEST TRANSACTION
control field 20170601115759.0
020 ## - INTERNATIONAL STANDARD BOOK NUMBER
International Standard Book Number 9789350719077
Terms of availability 750.00
035 ## - SYSTEM CONTROL NUMBER
System control number B-666077
037 ## - SOURCE OF ACQUISITION
Stock number dpl
Source of stock number/acquisition Variety/Ven
082 ## - DEWEY DECIMAL CLASSIFICATION NUMBER
Classification number 336.24
245 ## - TITLE STATEMENT
Title Taxmann's TDS :
Remainder of title how to meet your obligations as amended by Finance Act 2016/
250 ## - EDITION STATEMENT
Edition statement 22nd ed
260 ## - PUBLICATION, DISTRIBUTION, ETC. (IMPRINT)
Place of publication, distribution, etc New Delhi
Name of publisher, distributor, etc Taxmann Publications
Date of publication, distribution, etc 2016
270 ## - ADDRESS
Address 59/32,New Rohtak Road,
City New Delhi
Postal code 110005
Telephone number +91-11-45562222
Fax number -
Electronic mail address -
300 ## - PHYSICAL DESCRIPTION
Extent I-31,732p.
Dimensions 24cm(pbk)
942 ## - ADDED ENTRY ELEMENTS (KOHA)
Source of classification or shelving scheme Dewey Decimal Classification
Item type English Books
Call number suffix TAX
Classification part 336.24
Holdings
Withdrawn status Lost status Not for loan Collection code Home library Current library Date acquired Source of acquisition Cost, normal purchase price Full call number Barcode Copy number Cost, replacement price Koha item type
      Non-fiction Ashok Vihar Ashok Vihar 01/06/2017 BPPD/EN/2015-16/AV/16-17/410/15.2.2017/IN1434/7.3.2017/ 10.3.2017 750.00 336.24 TAX B-666077 1 750.00 English Books

© Delhi Public Library
Hit Counter
free hit counter